Det heter quiz - Statistics

General Stats
  • This quiz has been taken 8 times
  • The average score is 3 of 6
Answer Stats
Question Answer % Correct
Vem ska du fråga om du inte vet vilken sida man tänder en cigg på? Inte Manuel för Guds skull..
100%
Kan Josefine cykla? Inte om det står ett hus i vägen
80%
Ångrar Alex att hon lämnade sin stressbolluggla på sin plats? Ja den spränges och allt blev lila... (Manuel gjorde det)
80%
Vill Maria fortfarande ha en groda? En groda sqirtade på henne så hon vet inte längre
40%
Har Annie trosor på Liseberg? Nej
20%
Är Maja lite cringe? Nej inte "lite"....
20%
No matching quizzes found
Score Distribution
Percent of People with Each Score
Percentile by Number Answered
Your Score History
You have not taken this quiz